Countries That Had An Empire - Statistics

General Stats
  • This quiz has been taken 97 times
  • The average score is 8 of 15
Answers on the Grid
Answers color-coded by a green-red scale on the quiz's grid according to % correct below.
Mongolia
Nepal
New Zealand
Brazil
Mexico
Israel
Iraq
USA
UK
France
Spain
Germany
Ukraine
Romania
Philippines
Portugal
Netherlands
Cuba
Bahamas
Latvia
Russia
Japan
Panama
Belize
Italy
Andorra
Switzerland
China
India
Belgium
 
Answer Stats
Answer % Correct
Mongolia
87%
UK
72%
Russia
66%
France
62%
Italy
62%
Japan
62%
Germany
57%
Spain
54%
Netherlands
52%
Belgium
49%
China
49%
Portugal
46%
Mexico
44%
India
36%
Brazil
30%
No matching quizzes found
Score Distribution
Percent of People with Each Score
Percentile by Number Answered
Your Score History
You have not taken this quiz